000 00300nam a22001217a 4500
008 160523b xxu||||| |||| 00| 0 eng d
020 _a9780131915640
020 _a0131915649
041 _aeng
080 _a615
245 _aPrentice hall psychiatric drug guide:
_cEileen Trigoboff;
942 _2udc
_cBK
999 _c2410
_d2410